000 00523nam a2200193 a 4500
001 1758172572970
003 YourLibrary
005 20250918104734.0
008 250918s1999##################000#0#eng##
020 _a9780792358619
082 0 4 _a572.88
_bBAR
100 1 _aBarciszewski, Jan,
_eauthor.
245 1 0 _aRNA Biochemistry and Biotechnology :
260 _bSpringer Science & Business Media,
_c1999.
300 _a722 pages
650 0 _aScience.
942 _cENGLISH
040 _aYourLibrary
_beng
_cYourLibrary
999 _c587778
_d587778